Normal view
MARC view
Entry Nombre personal
001 - NÚMERO DE CONTROL
- campo de control: 10874
003 - IDENTIFICADOR DEL NÚMERO DE CONTROL
- campo de control: BNPHU
005 - FECHA Y HORA DE LA ÚLTIMA TRANSACCIÓN
- campo de control: 20240305101124.0
008 - DATOS DE LONGITUD FIJA
- campo de control de longitud fija: 200615|| aca||aabn | a|a d
040 ## - FUENTE DE LA CATALOGACIÓN
- Centro catalogador/agencia de origen: DO-SdBNP
- Lengua de catalogación: spa
- Centro/agencia transcriptor: BNPHU
- Normas de descripción: rda
100 1# - ENCABEZAMIENTO-NOMBRE DE PERSONA
- Nombre de persona: Morrison, Milton,
- Fechas asociadas al nombre: 1975-
370 ## - LUGAR ASOCIADO
- Lugar de nacimiento: Santo Domingo (República Dominicana)
373 ## - GRUPO ASOCIADO
- Grupo asociado: Instituto Tecnológico de Santo Domingo
373 ## - GRUPO ASOCIADO
- Grupo asociado: Morrison Ingenieros
377 ## - LENGUA/LENGUAJE ASOCIADO
- Código del idioma: spa
400 1# - TRAZADO DE VÉASE--NOMBRE DE PERSONA
- Nombre de persona: Morrison, M.
- Fechas asociadas al nombre: 1975-
670 ## - FUENTE DE DATOS ENCONTRADOS
- Cita de la fuente: Work cat.: (OSt)3327: Morrison, Milton, 1975-, La ruptura generacional :, 2008.
670 ## - FUENTE DE DATOS ENCONTRADOS
- Cita de la fuente: Simposio Nacional de Energía Eléctrica (1o. : 1996 : Santo Domingo, Republica Dominicana). Electricidad y desarrollo, 1996:
- Información encontrada: (Ing. Milton Morrison) p. 177 ( n. Santo Domingo 8-14-75)
